02553nas a2200361 i 450000100060000000300090000600500170001500700030003200800410003502200140007604000590009004100080014924501100015724600390026726400890030630000430039531000190043833600270045733700340048433800280051836207680054650001000131450002660141465000710168065000710175165000460182265000450186865000550191365000520196865000630202065500370208371000710212046710DR-UNIBE20260130143957.0ta260128e1989 dr jn|p|r||||||0| | spa d a1015-440X cBiblioteca UNIBEaBiblioteca UNIBEbspadDO-SdBNPerda aspa00aRevista UNIBE de ciencia y cultura /cUniversidad Iberoamericana (Santo Domingo, República Dominicana).3 aRevista de ciencia y cultura UNIBE aSanto Domingo, República Dominicana : bUniversidad Iberoamericana (UNIBE),c1989. avolumen :bilustraciones ;c29 x 22 cm aCuatrimestral. atextobtxt2rdacontent asin mediación bn2rdamedia avolumenbnc2rdacarrier aVolumen 1, número 1 (enero-abril 1989) - volumen 1, número 2 (mayo-agosto 1989) - volumen 1, número 3 (septiembre-diciembre 1989) - volumen 2, número 1 (enero-abril 1990) - volumen 2, números 2-3 (mayo-diciembre 1990) - volumen 3, número 1 (enero-abril 1991) - volumen 3, número 2 (mayo-agosto 1991) - volumen 3, número 3 (septiembre-diciembre 1991) - volumen 4, números 1-2 (abril-agosto 1992) - volumen 4, número 3 (septiembre-diciembre 1992) - volumen 5, números 1-3 (enero-diciembre 1993) - volumen 6, números 1-3 (enero-diciembre 1994) - volumen 7, números 1-3 (enero-diciembre 1995) - volumenes 8-9, números 1-3 (1996-1997) - volumen 10, números 1-3 (1998) - volumen 10, números 1-3 (1999) - volumen 11, números 1-3 (2000). aSe realizo la catalogación en base a este número: Volumen 1, número 1 (enero-abril 1989). aRegistrada en el portar del ISSN: (1015-440X) con el título propio de: Revista de ciencia y cultura UNIBE. A partir del año 2006 adquiere un nuevo título, formato y periodicidad anual. Anuario UNIBE de ciencias y humanidades (número de registro 49691).  7aCiencia2lembvPublicaciones periódicas zRepública Dominicana 7aCultura2lembvPublicaciones periódicas zRepública Dominicana 7aHumanidades2lembzRepública Dominicana 7aLiteratura2lembzRepública Dominicana 7aEducación superior2lembzRepública Dominicana 7aCiencias sociales2lembzRepública Dominicana 7aInvestigación científica2lembzRepública Dominicana 7aPublicaciones periódicas2lemb2 aUniversidad Iberoamericana (Santo Domingo, República Dominicana)